[Event "FRA-chT2 0910"]
[Site "France"]
[Date "2009.11.22"]
[Round "4.2"]
[White "Dieu, Bruno"]
[Black "Kahla, Souhaiel"]
[Result "1-0"]
[WhiteElo "2263"]
[BlackElo "2100"]
[PlyCount "74"]
[EventDate "2009.09.27"]
[EventType "team"]
[EventRounds "11"]
[EventCountry "FRA"]
[SourceDate "2009.07.26"]

1. d4 d5 2. Nf3 c6 3. c4 e6 4. e3 f5 5. Bd3 Nf6 6. O-O Be7 7. b3 O-O 8. Ba3 g6
9. Qc2 Nbd7 10. Bxe7 Qxe7 11. Nc3 Ne4 12. Rad1 Qg7 13. Ne1 Qh6 14. f4 g5 15.
fxg5 Qxg5 16. Rf3 Kh8 17. cxd5 exd5 18. Ne2 Ndf6 19. Nf4 Bd7 20. Rh3 Ng4 21.
Nf3 Qg7 22. Re1 Rg8 23. b4 Qe7 24. Qb2 Rae8 25. b5 Qd6 26. a4 Rg7 27. bxc6 bxc6
28. Rb1 Nxe3 29. Ne5 Ng4 30. Qb4 c5 31. Nfg6+ Kg8 32. dxc5 Nxc5 33. Nxd7 Qxd7
34. Bb5 Qd6 35. Bxe8 Rb7 36. Qe1 Nd3 37. Bf7+ Kg7 1-0

[Event "FRA-chT2 0910"]
[Site "France"]
[Date "2009.11.22"]
[Round "4.3"]
[White "Baron, Daniel"]
[Black "Maleki, Manuel"]
[Result "0-1"]
[WhiteElo "2086"]
[BlackElo "2281"]
[PlyCount "74"]
[EventDate "2009.09.27"]
[EventType "team"]
[EventRounds "11"]
[EventCountry "FRA"]
[SourceDate "2009.07.26"]

1. e4 c5 2. Nf3 e6 3. d4 cxd4 4. Nxd4 a6 5. Bd3 Bc5 6. Nb3 Be7 7. O-O Qc7 8.
Be3 Nf6 9. N1d2 d6 10. Qe2 O-O 11. f4 Nbd7 12. a4 e5 13. c4 exf4 14. Bxf4 Ne5
15. h3 Nfd7 16. Kh1 Bf6 17. Rab1 b6 18. Nf3 Bb7 19. Nbd2 Rfe8 20. Nxe5 Nxe5 21.
b3 Bc6 22. Rbd1 Qe7 23. Bb1 Ng6 24. Be3 Qb7 25. Qf2 b5 26. a5 Bh4 27. Qg1 Ne5
28. Nf3 Bg3 29. Nxe5 Bxe5 30. Qf2 Re7 31. c5 dxc5 32. Bxc5 Re6 33. b4 Bf6 34.
Qg3 Rae8 35. Ba2 Be5 36. Qe3 Rf6 37. Rfe1 Bb8 {suite illisible} 0-1

[Event "FRA-chT2 0910"]
[Site "France"]
[Date "2009.11.22"]
[Round "4.6"]
[White "Varlet, Nicolas"]
[Black "Criton, Roland"]
[Result "1-0"]
[WhiteElo "2116"]
[BlackElo "1970"]
[PlyCount "81"]
[EventDate "2009.09.27"]
[EventType "team"]
[EventRounds "11"]
[EventCountry "FRA"]
[SourceDate "2009.07.26"]

1. d4 d5 2. c4 c6 3. Nf3 Nf6 4. e3 g6 5. Nc3 Bg7 6. Bd3 Bg4 7. Qb3 Qb6 8. c5
Qc7 9. Ne5 Be6 10. Bd2 Nbd7 11. f4 O-O 12. O-O b6 13. cxb6 axb6 14. Qc2 Rfc8
15. b4 Nxe5 16. fxe5 Nd7 17. Be1 c5 18. bxc5 bxc5 19. Nb5 Qc6 20. Qb2 c4 21.
Bc2 Rcb8 22. a4 f6 23. exf6 Nxf6 24. Bg3 Rb7 25. h3 Ne4 26. Bf4 Rf8 27. Bxe4
dxe4 28. Qc2 Bd5 29. Ra3 Ra8 30. Nc3 e6 31. Ra2 Bf8 32. Be5 Bg7 33. Bxg7 Rxg7
34. Qf2 Qd6 35. Qf6 Kh8 36. Raf2 Qd7 37. Qe5 Qc7 38. Qg5 Qe7 39. Rf6 Qd7 40. h4
Rb8 41. h5 1-0

[Event "FRA-chT2 0910"]
[Site "France"]
[Date "2009.11.22"]
[Round "4.7"]
[White "Le Port, Luc"]
[Black "Sally, Paul Adrien"]
[Result "0-1"]
[WhiteElo "1552"]
[BlackElo "1964"]
[PlyCount "76"]
[EventDate "2009.09.27"]
[EventType "team"]
[EventRounds "11"]
[EventCountry "FRA"]
[SourceDate "2009.07.26"]

1. d4 d5 2. c4 c6 3. Nc3 Nf6 4. Nf3 a6 5. a4 e6 6. h3 Nbd7 7. Bf4 Bb4 8. Qc2
Ne4 9. e3 Qa5 10. Rc1 c5 11. Bd3 Ndf6 12. cxd5 exd5 13. O-O Bxc3 14. bxc3 Bd7
15. Ne5 Bxa4 16. Qa2 O-O 17. Qa3 b5 18. Bxe4 Nxe4 19. Nc6 Qb6 20. Ne7+ Kh8 21.
Nxd5 Qc6 22. c4 bxc4 23. Nc3 Nxc3 24. Rxc3 cxd4 25. exd4 Rfd8 26. Be3 Qb5 27.
Ra1 Bb3 28. Rb1 a5 29. Rcxb3 cxb3 30. Rxb3 Qd5 31. Qa4 Rab8 32. Rc3 Rb1+ 33.
Kh2 Qd6+ 34. g3 Qd5 35. Bc1 h6 36. Rc5 Qxd4 37. Qxa5 Qxf2+ 38. Kh1 Rd1+ 0-1

[Event "FRA-chT2 0910"]
[Site "France"]
[Date "2009.11.22"]
[Round "4.8"]
[White "Josse, Anais"]
[Black "Mottais, Marie"]
[Result "1-0"]
[WhiteElo "1530"]
[BlackElo "1470"]
[PlyCount "83"]
[EventDate "2009.09.27"]
[EventType "team"]
[EventRounds "11"]
[EventCountry "FRA"]
[SourceDate "2009.07.26"]

1. e4 e5 2. Nf3 Nc6 3. Bb5 Nf6 4. Nc3 a6 5. Bxc6 dxc6 6. h3 Bc5 7. d3 O-O 8.
O-O Re8 9. Ne2 h6 10. Ng3 b6 11. Qe2 Bd7 12. Nh4 Ng4 13. Nhf5 Bxf5 14. Nxf5
Nxf2 15. Rxf2 Re6 16. Be3 Bxe3 17. Qxe3 Rg6 18. Rf3 Rg5 19. Rg3 Kh7 20. Rxg5
hxg5 21. Rf1 g6 22. Ng3 Kg7 23. Qf2 Qe7 24. d4 exd4 25. Qxd4+ f6 26. Rd1 Re8
27. Qd7 Kf7 28. Qxe7+ Rxe7 29. Kf2 Kf8 30. Rd8+ Kf7 31. Rb8 Kg7 32. b4 Re5 33.
Rb7 Re7 34. Ra7 Rd7 35. Ke3 a5 36. bxa5 bxa5 37. Rxa5 Re7 38. Kf3 Kf7 39. Rc5
Re6 40. Ne2 Kg7 41. Nd4 f5 42. Nxe6+ 1-0

[Event "FRA-chT2 0910"]
[Site "France"]
[Date "2009.11.22"]
[Round "4.1"]
[White "Bleunven, Andre"]
[Black "Delaunay, Sebastien"]
[Result "1/2-1/2"]
[WhiteElo "2277"]
[BlackElo "2350"]
[PlyCount "104"]
[EventDate "2009.09.27"]
[EventType "team"]
[EventRounds "11"]
[EventCountry "FRA"]
[SourceDate "2009.07.26"]

1. d4 f5 2. g3 Nf6 3. Bg2 g6 4. Nf3 Bg7 5. c4 O-O 6. O-O d6 7. Nc3 Nc6 8. d5
Na5 9. Qa4 b6 10. Nd4 Bd7 11. Qb4 Ne4 12. Nxe4 Bxd4 13. Ng5 Rc8 14. Rb1 Qe8 15.
b3 c5 16. dxc6 Nxc6 17. Qd2 Bf6 18. Bb2 Bxb2 19. Rxb2 Rf6 20. Nf3 Qf8 21. Nd4
Nxd4 22. Qxd4 Qg7 23. Qd5+ Rf7 24. Rd2 Rc7 25. Qd3 Rf8 26. e3 Qf6 27. h4 Kg7
28. Re1 h6 29. Qd4 g5 30. Qxf6+ Kxf6 31. hxg5+ hxg5 32. e4 fxe4 33. Bxe4 b5 34.
cxb5 Bxb5 35. Bd5 Bd7 36. Rde2 Bf5 37. Be6 Bg6 38. Bc4 Bf5 39. f3 Rh8 40. Kg2
Rh7 41. Be6 Bd3 42. Rd2 Bf5 43. Bxf5 Kxf5 44. g4+ Kf6 45. Rd5 Rg7 46. Rf5+ Kg6
47. Re6+ Kh7 48. Kg3 Rd7 49. Re1 Kg6 50. Re6+ Kh7 51. Re1 Kg6 52. Re6+ Kh7
1/2-1/2

[Event "FRA-chT2 0910"]
[Site "France"]
[Date "2009.11.22"]
[Round "4.2"]
[White "Crouan, Stephane"]
[Black "Guyader, Thierry"]
[Result "1-0"]
[WhiteElo "2236"]
[BlackElo "2142"]
[PlyCount "51"]
[EventDate "2009.09.27"]
[EventType "team"]
[EventRounds "11"]
[EventCountry "FRA"]
[SourceDate "2009.07.26"]

1. e4 c5 2. Nf3 e6 3. d4 cxd4 4. Nxd4 Nf6 5. Bd3 Nc6 6. Be3 Be7 7. O-O d6 8.
Nd2 a6 9. a4 O-O 10. h3 Qc7 11. Qe2 Re8 12. f4 Nxd4 13. Bxd4 e5 14. Be3 d5 15.
Kh1 Bd7 16. a5 Bc6 17. Bb6 Qd6 18. exd5 Nxd5 19. fxe5 Qh6 20. Ne4 Bd8 21. Bd4
Bc7 22. Qf2 Re7 23. Qg3 Rae8 24. c4 f5 25. cxd5 fxe4 26. Bc4 1-0

[Event "FRA-chT2 0910"]
[Site "France"]
[Date "2009.11.22"]
[Round "4.3"]
[White "Bollore, Jacques"]
[Black "Grill, Marc"]
[Result "1-0"]
[WhiteElo "2120"]
[BlackElo "2195"]
[PlyCount "65"]
[EventDate "2009.09.27"]
[EventType "team"]
[EventRounds "11"]
[EventCountry "FRA"]
[SourceDate "2009.07.26"]

1. e4 c5 2. c3 g6 3. d4 cxd4 4. cxd4 d5 5. e5 Bg7 6. Nc3 Nc6 7. Nge2 f6 8. f4
Nh6 9. g3 Bg4 10. Bg2 e6 11. Be3 O-O 12. h3 Nf5 13. Bf2 Bxe2 14. Nxe2 Qa5+ 15.
Qd2 Qxd2+ 16. Kxd2 fxe5 17. dxe5 g5 18. Bf3 gxf4 19. gxf4 Bh6 20. Kd1 Kf7 21.
Bh5+ Kg8 22. Rg1+ Kh8 23. Bg4 Rac8 24. Rc1 Nce7 25. Bc5 Rg8 26. Kd2 Ng6 27.
Bxf5 exf5 28. Bd4 b6 29. Ke3 Rge8 30. Rxc8 Rxc8 31. h4 Ne7 32. e6+ Bg7 33. Rxg7
1-0

[Event "FRA-chT2 0910"]
[Site "France"]
[Date "2009.11.22"]
[Round "4.4"]
[White "Martinez, Jean Philippe"]
[Black "Bodenez, Claire"]
[Result "1/2-1/2"]
[WhiteElo "2091"]
[BlackElo "2033"]
[PlyCount "97"]
[EventDate "2009.09.27"]
[EventType "team"]
[EventRounds "11"]
[EventCountry "FRA"]
[SourceDate "2009.07.26"]

1. c4 b6 2. Nc3 Bb7 3. e4 e6 4. d3 Bb4 5. Nge2 Nf6 6. a3 Be7 7. g3 c5 8. Bg2 d6
9. O-O Nc6 10. d4 e5 11. d5 Nd4 12. f4 O-O 13. h3 Ne8 14. Be3 Bf6 15. Nc1 Ba6
16. Bxd4 cxd4 17. Nb5 Nc7 18. a4 Bc8 19. Nd3 a6 20. Na3 Bd7 21. a5 bxa5 22. c5
Bb5 23. Nxb5 axb5 24. fxe5 Bxe5 25. Nxe5 dxe5 26. Qh5 Qe8 27. h4 g6 28. Qe2 a4
29. Rf6 Ra6 30. Raf1 Rxf6 31. Rxf6 b4 32. Rb6 b3 33. Bh3 Qa8 34. d6 Ne8 35. Qd3
a3 36. bxa3 Qxa3 37. Qxb3 Qc1+ 38. Kh2 Qxc5 39. d7 Nf6 40. Rb8 Nxd7 41. Bxd7
Rxb8 42. Qxb8+ Kg7 43. Qb2 d3 44. Ba4 f6 45. Qb7+ Kh6 46. Qd5 Qf2+ 47. Kh3 Qf1+
48. Kh2 Qf2+ 49. Kh3 1/2-1/2

[Event "FRA-chT2 0910"]
[Site "France"]
[Date "2009.11.22"]
[Round "4.6"]
[White "Miraoui, Karim"]
[Black "Delalee, Paul"]
[Result "0-1"]
[WhiteElo "2101"]
[BlackElo "1946"]
[PlyCount "50"]
[EventDate "2009.09.27"]
[EventType "team"]
[EventRounds "11"]
[EventCountry "FRA"]
[SourceDate "2009.07.26"]

1. d4 Nf6 2. c4 e6 3. Nc3 Bb4 4. Qc2 c5 5. Nf3 Nc6 6. e3 O-O 7. Bd3 cxd4 8.
exd4 d5 9. Be3 dxc4 10. Bxc4 b6 11. Rd1 Bb7 12. O-O Rc8 13. Bg5 Be7 14. Qe2 Nd5
15. Ne4 Bxg5 16. Nexg5 Nce7 17. Qe4 g6 18. Qh4 Nf6 19. Bxe6 fxe6 20. Nxe6 Qd5
21. Nxf8 Rxf8 22. Rfe1 Nc6 23. Qf4 Kg7 24. Ng5 Nxd4 25. Qd2 Qxg2# 0-1

[Event "FRA-chT2 0910"]
[Site "France"]
[Date "2009.11.22"]
[Round "4.7"]
[White "Brient, Yoann"]
[Black "Marchadour, Claire"]
[Result "1-0"]
[WhiteElo "1920"]
[BlackElo "2072"]
[PlyCount "53"]
[EventDate "2009.09.27"]
[EventType "team"]
[EventRounds "11"]
[EventCountry "FRA"]
[SourceDate "2009.07.26"]

1. e4 c5 2. Nf3 d6 3. d4 cxd4 4. Nxd4 Nf6 5. Nc3 Nc6 6. Bc4 e6 7. Be3 a6 8. Qe2
Qc7 9. Bb3 Bd7 10. g4 Nxd4 11. Bxd4 Bc6 12. g5 Nd7 13. Nd5 Qd8 14. f4 Nc5 15.
O-O-O Nxb3+ 16. axb3 Bb5 17. c4 exd5 18. exd5+ Be7 19. Bxg7 Rg8 20. Bf6 Qc7 21.
Rhe1 O-O-O 22. Qxe7 Rd7 23. Qe8+ Rd8 24. Bxd8 Bxe8 25. Bxc7 Kxc7 26. Re7+ Kd8
27. Rde1 1-0

[Event "FRA-chT2 0910"]
[Site "France"]
[Date "2009.11.22"]
[Round "4.8"]
[White "Le Gallo, Frederic"]
[Black "Bertrand, Nicolas"]
[Result "1-0"]
[WhiteElo "2032"]
[BlackElo "1926"]
[PlyCount "59"]
[EventDate "2009.09.27"]
[EventType "team"]
[EventRounds "11"]
[EventCountry "FRA"]
[SourceDate "2009.07.26"]

1. e4 Nf6 2. e5 Nd5 3. Nc3 Nxc3 4. bxc3 d6 5. f4 g6 6. Nf3 Bg7 7. d4 O-O 8. Bd3
c5 9. O-O cxd4 10. cxd4 Nc6 11. c3 dxe5 12. fxe5 Bg4 13. Rb1 b6 14. h3 Bxf3 15.
Qxf3 Rc8 16. Ba6 Rc7 17. Bf4 e6 18. Bb5 Ne7 19. Bg5 h6 20. Bf6 Qd5 21. Qf2 Bxf6
22. exf6 Nf5 23. g4 Nd6 24. c4 Nxc4 25. Qf4 Nd6 26. Qxh6 Qxd4+ 27. Rf2 Nf5 28.
gxf5 Qxf6 29. fxg6 Qxg6+ 30. Rg2 1-0

[Event "FRA-chT2 0910"]
[Site "France"]
[Date "2009.12.12"]
[Round "5.1"]
[White "Jolly, Jean Francois"]
[Black "David, Vincent"]
[Result "0-1"]
[WhiteElo "2406"]
[BlackElo "2412"]
[PlyCount "62"]
[EventDate "2009.09.27"]
[EventType "team"]
[EventRounds "11"]
[EventCountry "FRA"]
[SourceDate "2009.07.26"]

1. d4 d5 2. c4 dxc4 3. e4 Nf6 4. e5 Nd5 5. Bxc4 Nb6 6. Bd3 Nc6 7. Ne2 Bg4 8. f3
Be6 9. Nbc3 Bc4 10. Be4 e6 11. Be3 Qd7 12. O-O O-O-O 13. b3 Ba6 14. a4 Nb4 15.
Bg5 Be7 16. Bxe7 Qxe7 17. Nb5 Kb8 18. Qd2 Rd7 19. Rfc1 f5 20. Bb1 g5 21. Qe1
Nc8 22. Rc5 Nd5 23. Nec3 Nxc3 24. Qxc3 Rhd8 25. Bd3 c6 26. Bf1 cxb5 27. axb5 b6
28. Rxa6 bxc5 29. dxc5 Rd1 30. b4 Qd7 31. Rd6 Qxb5 0-1

[Event "FRA-chT2 0910"]
[Site "France"]
[Date "2009.12.12"]
[Round "5.2"]
[White "Herdier, Goulwenn"]
[Black "Navrotescu, Catalin"]
[Result "0-1"]
[WhiteElo "2164"]
[BlackElo "2435"]
[PlyCount "64"]
[EventDate "2009.09.27"]
[EventType "team"]
[EventRounds "11"]
[EventCountry "FRA"]
[SourceDate "2009.07.26"]

1. e4 c5 2. Nf3 e6 3. c3 Nf6 4. Qc2 d5 5. e5 Nfd7 6. d4 Nc6 7. a3 cxd4 8. cxd4
f5 9. exf6 Nxf6 10. Bd3 Bd6 11. O-O O-O 12. Bg5 h6 13. Bh4 Bd7 14. Nc3 g5 15.
Bg3 Bxg3 16. hxg3 g4 17. Ne5 Nxd4 18. Qd2 Kg7 19. Qf4 Nc6 20. Nxg4 Nxg4 21.
Qxg4+ Qg5 22. Qh3 Rf7 23. f4 Qf6 24. Qg4+ Kh8 25. Qf3 Rg8 26. g4 Qd4+ 27. Kh1
Ne5 28. Qe2 Rxf4 29. Rxf4 Qxf4 30. Rf1 Qg3 31. Rf3 Nxf3 32. gxf3 Rf8 0-1

[Event "FRA-chT2 0910"]
[Site "France"]
[Date "2009.12.12"]
[Round "5.3"]
[White "Amoyal, Pierre"]
[Black "Salvaing, Jean Louis"]
[Result "1-0"]
[WhiteElo "2213"]
[BlackElo "2012"]
[PlyCount "57"]
[EventDate "2009.09.27"]
[EventType "team"]
[EventRounds "11"]
[EventCountry "FRA"]
[SourceDate "2009.07.26"]

1. d4 Nf6 2. c4 g6 3. Nc3 Bg7 4. e4 d6 5. Nf3 O-O 6. Be2 Nbd7 7. O-O e5 8. Be3
c6 9. Qc2 Qc7 10. Rfd1 b6 11. Rac1 a6 12. b4 Bb7 13. c5 dxc5 14. bxc5 bxc5 15.
Nxe5 Nxe5 16. dxe5 Qxe5 17. f4 Qe7 18. e5 Rfd8 19. Na4 Nd5 20. Bxc5 Qe6 21. Rb1
Nxf4 22. Rxb7 Qxe5 23. Bf3 Ne6 24. Rbb1 Rab8 25. Rxb8 Rxb8 26. Bf2 c5 27. Qe4
Qg5 28. Be3 Qe7 29. Nxc5 1-0

[Event "FRA-chT2 0910"]
[Site "France"]
[Date "2009.12.12"]
[Round "5.4"]
[White "Guichard, Hugo"]
[Black "Renault, Fabien"]
[Result "0-1"]
[WhiteElo "1895"]
[BlackElo "2190"]
[PlyCount "103"]
[EventDate "2009.09.27"]
[EventType "team"]
[EventRounds "11"]
[EventCountry "FRA"]
[SourceDate "2009.07.26"]

1. f4 d5 2. Nf3 g6 3. e3 Bg7 4. d4 Nf6 5. Bd3 Bf5 6. O-O Nbd7 7. Ne5 c5 8. c3
c4 9. Bxf5 gxf5 10. Qf3 O-O 11. Nd2 Qa5 12. Qh3 e6 13. Nxd7 Nxd7 14. g4 fxg4
15. Qxg4 f5 16. Qg2 Kh8 17. Kh1 Rg8 18. Qh3 Bf6 19. Nf3 Rg6 20. Ng5 Bxg5 21.
fxg5 Rag8 22. Bd2 Qd8 23. e4 dxe4 24. Bf4 Re8 25. Rad1 Nb6 26. Qg3 Nd5 27. Bc1
Qb8 28. Qf2 b5 29. a3 a5 30. Bd2 Qd6 31. Rde1 Rg7 32. Qh4 Kg8 33. Qh5 Rf8 34.
Qe2 e5 35. Qf2 exd4 36. Qxd4 Rd7 37. Qf2 Qb6 38. Qg3 Qd6 39. Qf2 Re7 40. g6
hxg6 41. Rg1 Re6 42. h4 f4 43. Qg2 e3 44. Bxe3 fxe3 45. Rd1 Rf5 46. Qg4 e2 47.
Rde1 Ne3 48. Qxe2 Qd5+ 49. Rg2 Rfe5 50. Reg1 Nxg2 51. Qxg2 Qxg2+ 52. Rxg2 0-1

[Event "FRA-chT2 0910"]
[Site "France"]
[Date "2009.12.12"]
[Round "5.5"]
[White "Restout, Bruce"]
[Black "Charrais, Kevin"]
[Result "1/2-1/2"]
[WhiteElo "2047"]
[BlackElo "1862"]
[PlyCount "83"]
[EventDate "2009.09.27"]
[EventType "team"]
[EventRounds "11"]
[EventCountry "FRA"]
[SourceDate "2009.07.26"]

1. d4 d5 2. c4 c6 3. Nf3 Nf6 4. e3 Bf5 5. cxd5 Nxd5 6. Nbd2 Bg6 7. Ne5 e6 8.
Be2 Bd6 9. Ndf3 Nd7 10. Nxg6 hxg6 11. e4 Nf4 12. Bxf4 Bxf4 13. O-O Bxh2+ 14.
Kh1 Bf4+ 15. Kg1 g5 16. g3 Qf6 17. Kg2 g4 18. Ne5 Nxe5 19. dxe5 Rh2+ 20. Kxh2
Qh4+ 21. Kg2 Qh3+ 22. Kg1 Bxg3 23. fxg3 Qxg3+ 24. Kh1 Qh3+ 25. Kg1 g3 26. Rf2
gxf2+ 27. Kxf2 Qh2+ 28. Kf3 Qxe5 29. Qb3 O-O-O 30. Rd1 Rh8 31. Bf1 g5 32. Bg2
g4+ 33. Kf2 Qc5+ 34. Kf1 Qe5 35. Qe3 g3 36. Qxa7 Qxb2 37. a4 Qc3 38. Qd4 Qxd4
39. Rxd4 Kc7 40. e5 Rh5 41. Rf4 Rxe5 42. Rxf7+ 1/2-1/2

[Event "FRA-chT2 0910"]
[Site "France"]
[Date "2009.12.12"]
[Round "5.7"]
[White "Barbet, Loic"]
[Black "Codjovi, Brice"]
[Result "1-0"]
[WhiteElo "2107"]
[BlackElo "1766"]
[PlyCount "55"]
[EventDate "2009.09.27"]
[EventType "team"]
[EventRounds "11"]
[EventCountry "FRA"]
[SourceDate "2009.07.26"]

1. e4 c5 2. Nf3 Nc6 3. d4 cxd4 4. Nxd4 g6 5. Nxc6 bxc6 6. Qd4 f6 7. c4 e5 8.
Qd3 Ba6 9. Nc3 Ne7 10. Be3 d5 11. exd5 cxd5 12. Nxd5 Nf5 13. O-O-O Bg7 14. Qa3
Qc8 15. Qxa6 Qxa6 16. Nc7+ Ke7 17. Nxa6 Rhd8 18. Bc5+ Kf7 19. Be2 Bf8 20. Rxd8
Rxd8 21. Rd1 Rxd1+ 22. Kxd1 Bxc5 23. Nxc5 Nd4 24. b4 Ke7 25. b5 f5 26. Nb3 Ne6
27. a4 Nf8 28. c5 1-0

[Event "FRA-chT2 0910"]
[Site "France"]
[Date "2009.12.12"]
[Round "5.8"]
[White "Jolly, Marie"]
[Black "Auvray, Juliette"]
[Result "0-1"]
[WhiteElo "1710"]
[BlackElo "1960"]
[PlyCount "110"]
[EventDate "2009.09.27"]
[EventType "team"]
[EventRounds "11"]
[EventCountry "FRA"]
[SourceDate "2009.07.26"]

1. d4 Nf6 2. Nf3 e6 3. c4 Bb4+ 4. Bd2 c5 5. Bxb4 cxb4 6. Nbd2 O-O 7. e3 d6 8.
Be2 Nc6 9. O-O e5 10. d5 Ne7 11. a3 bxa3 12. Rxa3 b6 13. b4 Bf5 14. Qb3 Qc7 15.
Rc1 Nexd5 16. Qb2 Ne7 17. Rac3 Rab8 18. Qa1 Nd7 19. Nb3 Nc6 20. Qa3 a5 21. bxa5
Nxa5 22. Nxa5 bxa5 23. Nd2 Nc5 24. Ra1 Ra8 25. Nb3 Nxb3 26. Rxb3 Rfb8 27. Rb5
Be6 28. Rxb8+ Rxb8 29. Qxa5 Qxa5 30. Rxa5 Rb1+ 31. Bf1 g6 32. Ra4 Re1 33. h3 h5
34. Rb4 Kg7 35. Ra4 Kf6 36. Rb4 Ke7 37. g4 hxg4 38. hxg4 Bxg4 39. Kg2 e4 40.
Rb2 Bf3+ 41. Kg1 Kd7 42. Rb7+ Kc6 43. Rb2 Rc1 44. Ra2 Kb6 45. Rb2+ Ka5 46. Rd2
Kb4 47. Ra2 Kb3 48. Rd2 Ra1 49. Rxd6 Be2 50. c5 Rxf1+ 51. Kg2 Rc1 52. c6 Bg4
53. Kg3 Bf5 54. Kf4 Rc2 55. f3 Rf2 0-1

[Event "FRA-chT2 0910"]
[Site "France"]
[Date "2009.12.12"]
[Round "5.3"]
[White "Cartier, Nicolas"]
[Black "Wunderman, Xavier"]
[Result "0-1"]
[WhiteElo "2113"]
[BlackElo "2169"]
[PlyCount "84"]
[EventDate "2009.09.27"]
[EventType "team"]
[EventRounds "11"]
[EventCountry "FRA"]
[SourceDate "2009.07.26"]

1. Nf3 d5 2. g3 Nf6 3. Bg2 c6 4. d3 Bf5 5. O-O e6 6. Nbd2 Be7 7. Qe1 Nbd7 8. e4
dxe4 9. dxe4 Bg6 10. e5 Nd5 11. Ne4 Nb4 12. Qe2 Nc5 13. Rd1 Qb6 14. Nfg5 h6 15.
Nh3 O-O 16. a3 Qa6 17. Qxa6 Nbxa6 18. Nxc5 Nxc5 19. Be3 Rfd8 20. b4 Na4 21. c4
Nb2 22. Rxd8+ Rxd8 23. Bf1 a6 24. Nf4 Bf5 25. Ra2 Nd1 26. Bb6 Rd7 27. Ra1 Nb2
28. Be3 g5 29. Ng2 Bd3 30. Bxd3 Rxd3 31. c5 Nc4 32. Ne1 Rd5 33. Nc2 Rxe5 34.
Kg2 Rd5 35. Rb1 f5 36. a4 e5 37. Rb3 Kf7 38. Rc3 Nb2 39. Ra3 f4 40. gxf4 gxf4
41. Bc1 Nd3 42. Ra1 a5 0-1

[Event "FRA-chT2 0910"]
[Site "France"]
[Date "2009.12.12"]
[Round "5.4"]
[White "Debeaune, Robin"]
[Black "Luco, Alain"]
[Result "0-1"]
[WhiteElo "2146"]
[BlackElo "2148"]
[PlyCount "72"]
[EventDate "2009.09.27"]
[EventType "team"]
[EventRounds "11"]
[EventCountry "FRA"]
[SourceDate "2009.07.26"]

1. g3 d5 2. Bg2 Nf6 3. Nf3 g6 4. O-O Bg7 5. d3 O-O 6. Nbd2 Re8 7. c3 e5 8. e4
dxe4 9. dxe4 Nc6 10. Qe2 b6 11. b4 a6 12. a4 Bb7 13. Rd1 Qc8 14. h3 h6 15. Kh2
Qe6 16. Ba3 g5 17. Bf1 Ne7 18. Qe1 Nh5 19. Bc4 Qf6 20. Qe2 Ng6 21. Nf1 Rad8 22.
N3d2 Ngf4 23. gxf4 Nxf4 24. Qf3 Bc8 25. Ne3 Bxh3 26. Nd5 Rxd5 27. Bxd5 h5 28.
Rg1 g4 29. Qe3 Bh6 30. Rad1 Kh7 31. Bc4 Ng6 32. Qe1 Qh4 33. f3 Bf4+ 34. Rg3
Bf1+ 35. Kg1 Bxg3 36. Kxf1 Qh2 0-1

[Event "FRA-chT2 0910"]
[Site "France"]
[Date "2009.12.12"]
[Round "5.5"]
[White "Le Masle, Raphael"]
[Black "Soupizon, Remi"]
[Result "1/2-1/2"]
[WhiteElo "2075"]
[BlackElo "2041"]
[PlyCount "42"]
[EventDate "2009.09.27"]
[EventType "team"]
[EventRounds "11"]
[EventCountry "FRA"]
[SourceDate "2009.07.26"]

1. c4 c6 2. e4 d5 3. exd5 e6 4. dxe6 Bxe6 5. Nf3 g6 6. h3 Bg7 7. d4 Ne7 8. Nc3
Nf5 9. Be3 O-O 10. Be2 Re8 11. Qd3 Na6 12. a3 Nxe3 13. fxe3 Qc7 14. Kf2 Rad8
15. b4 c5 16. b5 cxd4 17. exd4 Nc5 18. Qd1 Qf4 19. g3 Ne4+ 20. Nxe4 Qxe4 21.
Bd3 Qxd3 1/2-1/2

[Event "FRA-chT2 0910"]
[Site "France"]
[Date "2009.12.12"]
[Round "5.6"]
[White "Konopka, Jeremiasz"]
[Black "Peyre, Thomas"]
[Result "0-1"]
[WhiteElo "2005"]
[BlackElo "2015"]
[PlyCount "96"]
[EventDate "2009.09.27"]
[EventType "team"]
[EventRounds "11"]
[EventCountry "FRA"]
[SourceDate "2009.07.26"]

1. e4 c5 2. Nf3 e6 3. d4 cxd4 4. Nxd4 a6 5. Be3 Nf6 6. Bd3 Qc7 7. c4 b6 8. Qe2
Bb7 9. f3 Nc6 10. Nxc6 Bxc6 11. Nc3 Be7 12. O-O O-O 13. f4 d6 14. Rac1 Bb7 15.
Na4 Bxe4 16. Bxe4 Nxe4 17. Bxb6 Qc6 18. Bd4 Qxa4 19. Qxe4 Rac8 20. b3 Qc6 21.
Qe3 Rfe8 22. Qg3 Bf8 23. Rfe1 g6 24. Bb2 Bg7 25. Bxg7 Kxg7 26. Qc3+ Kg8 27. Qd4
Red8 28. Kf2 a5 29. Re3 Qc5 30. Rd1 Qa3 31. Rd2 d5 32. Qf6 Qc5 33. h4 Re8 34.
h5 dxc4 35. Rd7 Qf8 36. bxc4 Rxc4 37. hxg6 hxg6 38. Rh3 Qg7 39. Qxg7+ Kxg7 40.
Ra3 Rxf4+ 41. Ke3 Rf5 42. Ra7 Rc8 43. R3xa5 Rc3+ 44. Ke4 Rxa5 45. Rxa5 Rg3 46.
a4 Rxg2 47. Ra8 Ra2 48. a5 Ra4+ 0-1

[Event "FRA-chT2 0910"]
[Site "France"]
[Date "2009.12.12"]
[Round "5.8"]
[White "Ribeiro, Pascale"]
[Black "Josse, Mathilde"]
[Result "0-1"]
[WhiteElo "1528"]
[BlackElo "1707"]
[PlyCount "104"]
[EventDate "2009.09.27"]
[EventType "team"]
[EventRounds "11"]
[EventCountry "FRA"]
[SourceDate "2009.07.26"]

1. e4 g6 2. d4 Bg7 3. Nf3 d6 4. Nc3 Nd7 5. Be3 e5 6. Bc4 Ne7 7. O-O O-O 8. Ne2
Nb6 9. Bb3 Bg4 10. Ng3 exd4 11. Bxd4 Bxf3 12. gxf3 Nc6 13. Bxg7 Kxg7 14. f4 Qf6
15. Qc1 Nd4 16. f3 Rfe8 17. c3 Nxb3 18. axb3 Nd7 19. b4 h5 20. Kh1 d5 21. Rg1
Kh7 22. exd5 Nb6 23. Ne4 Qg7 24. f5 Nxd5 25. fxg6+ fxg6 26. Ng5+ Kh8 27. Ne4
Qf7 28. Ng5 Qf5 29. Ra5 b6 30. Ra1 Nf4 31. Qf1 Re2 32. Re1 Rae8 33. Ne4 Rxe1
34. Qxe1 Nh3 35. Qf1 Nxg1 36. Kxg1 g5 37. Qd1 g4 38. Ng3 Qxf3 39. Qd4+ Kg8 40.
Qc4+ Qf7 41. Qxf7+ Kxf7 42. Nxh5 Re2 43. b3 Rc2 44. c4 Rb2 45. Nf4 Rxb3 46. Nd5
c6 47. Nf4 Rc3 48. Kg2 Rxc4 49. Nd3 Re4 50. Nf2 Rxb4 51. Kg3 c5 52. Nd3 Rb3 0-1

[Event "FRA-chT2 0910"]
[Site "France"]
[Date "2009.12.12"]
[Round "5.1"]
[White "Delaunay, Sebastien"]
[Black "Deslandes, Pascal"]
[Result "1/2-1/2"]
[WhiteElo "2350"]
[BlackElo "2314"]
[PlyCount "25"]
[EventDate "2009.09.27"]
[EventType "team"]
[EventRounds "11"]
[EventCountry "FRA"]
[SourceDate "2009.07.26"]

1. d4 Nf6 2. c4 g6 3. Nc3 Bg7 4. e4 d6 5. f3 O-O 6. Be3 e5 7. d5 c6 8. g4 cxd5
9. cxd5 a6 10. Nge2 h5 11. h3 Nbd7 12. Bg5 Qc7 13. Qd2 1/2-1/2

[Event "FRA-chT2 0910"]
[Site "France"]
[Date "2009.12.12"]
[Round "5.2"]
[White "Large, Laurent"]
[Black "Crouan, Stephane"]
[Result "1/2-1/2"]
[WhiteElo "2240"]
[BlackElo "2236"]
[PlyCount "41"]
[EventDate "2009.09.27"]
[EventType "team"]
[EventRounds "11"]
[EventCountry "FRA"]
[SourceDate "2009.07.26"]

1. Nf3 Nf6 2. g3 c5 3. Bg2 Nc6 4. O-O d5 5. c4 e5 6. cxd5 Nxd5 7. Nc3 Nc7 8. d3
Be7 9. Be3 O-O 10. Rc1 Rb8 11. Nd2 Nd4 12. f4 Nf5 13. Bf2 exf4 14. gxf4 b6 15.
Nf3 Nh4 16. Nxh4 Bxh4 17. Qe1 Bxf2+ 18. Qxf2 f5 19. d4 cxd4 20. Rcd1 Be6 21.
Rxd4 1/2-1/2